Kényszerített pillanat Csutak Gabi: Csendélet sárkánnyal [könyvismertetés] /

Elmentve itt :
Bibliográfiai részletek
Szerző: Kocsis Lilla
További közreműködők: Csutak Gabriella
Dokumentumtípus: Cikk
Megjelent: 2019
Sorozat:Tiszatáj 73 No. 1
Kulcsszavak:Magyar irodalom - novella - könyvismertetés, Csutak Gabi
Online Access:http://tiszataj.bibl.u-szeged.hu/24955
LEADER 00696nab a2200193 i 4500
001 tisza24955
005 20200331100241.0
008 200330s2019 hu o 0|| hun d
022 |a 0133-1167 
040 |a SZTE Tiszatáj Archívum  |b hun 
041 |a hun 
100 1 |a Kocsis Lilla 
245 1 0 |a Kényszerített pillanat   |h [elektronikus dokumentum] :  |b Csutak Gabi: Csendélet sárkánnyal [könyvismertetés] /  |c  Kocsis Lilla 
260 |c 2019 
300 |a 105-107 
490 0 |a Tiszatáj  |v 73 No. 1 
695 |a Magyar irodalom - novella - könyvismertetés, Csutak Gabi 
700 0 1 |a Csutak Gabriella 
856 4 0 |u http://tiszataj.bibl.u-szeged.hu/24955/1/tiszataj_2019_001_105-107.pdf  |z Dokumentum-elérés